|
|
|
|
| LEADER |
01163nam a2200277 a 4500 |
| 001 |
830672 |
| 008 |
100118s1977 enkaf b 000 0 eng d |
| 010 |
|
|
|a 77006235
|
| 020 |
|
|
|a 0080214525 :
|c $25.00
|
| 020 |
|
|
|a 0080218377 (flexicover) :
|c $8.00
|
| 040 |
|
|
|a DLC
|c DLC
|d DLC
|d DB-DhAAL
|
| 082 |
0 |
0 |
|a 301.31
|
| 245 |
0 |
4 |
|a The Feasibility of fertility planning :
|b micro perspectives /
|c edited by T. Scarlett Epstein and Darrell Jackson.
|
| 250 |
|
|
|a 1st ed.
|
| 260 |
|
|
|a Oxford ;
|a New York :
|b Pergamon Press,
|c 1977.
|
| 300 |
|
|
|a viii, 244 p., [5] leaves of plates :
|b ill. ;
|c 26 cm.
|
| 504 |
|
|
|a Bibliography: p. 239-244.
|
| 541 |
1 |
|
|e 00001684
|
| 651 |
|
0 |
|a Developing countries
|x Population policy.
|
| 650 |
|
0 |
|a Family size
|z Developing countries
|x Case studies.
|
| 650 |
|
0 |
|a Fertility, Human
|z Developing countries.
|
| 700 |
1 |
|
|a Epstein, T. Scarlett
|q (Trude Scarlett)
|
| 700 |
1 |
|
|a Jackson, Darrell.
|
| 852 |
4 |
|
|a Ayesha Abed Library
|j General Shelf.
|
| 999 |
|
|
|c 7080
|d 7080
|
| 952 |
|
|
|0 0
|1 0
|2 ddc
|4 0
|6 301_310000000000000_FEA_1977
|7 0
|9 7352
|a BRACUL
|b BRACUL
|c GEN
|d 2010-01-21
|g 0.00
|l 0
|o 301.31 FEA
|p 3010001684
|r 2010-01-21
|t 1
|w 2010-01-21
|y BK
|z Not price in Register
|